Normal view
MARC view
- إمام، هالة محمد
Entry Personal Name
001 - CONTROL NUMBER
- control field: 64455
003 - CONTROL NUMBER IDENTIFIER
- control field: JO-AjAnu
005 - DATE AND TIME OF LATEST TRANSACTION
- control field: 20230606084524.0
008 - FIXED-LENGTH DATA ELEMENTS
- fixed length control field: 230606|| aca||aabn | a|a d
040 ## - CATALOGING SOURCE
- Original cataloging agency: JO-AjAnu
- Transcribing agency: JO-AjAnu
100 ## - HEADING--PERSONAL NAME
- Personal name: إمام، هالة محمد
670 ## - SOURCE DATA FOUND
- Source citation: Work cat.: (JO-AjAnu)32943: إمام، هالة محمد, author, الجوانب الموضوعية والإجرائية للمسئولية الجنائية للاطفال: دراسة مقارنة